Pathophysiology/ (Record no. 4412)

MARC details
000 -LEADER
fixed length control field 00535nam a22001817a 4500
003 - CONTROL NUMBER IDENTIFIER
control field OSt
005 - DATE AND TIME OF LATEST TRANSACTION
control field 20250830034525.0
008 - FIXED-LENGTH DATA ELEMENTS--GENERAL INFORMATION
fixed length control field 250830b |||||||| |||| 00| 0 eng d
020 ## - INTERNATIONAL STANDARD BOOK NUMBER
International Standard Book Number 0-7817-143.
040 ## - CATALOGING SOURCE
Original cataloging agency DWCL-Main lib
Transcribing agency OC
082 ## - DEWEY DECIMAL CLASSIFICATION NUMBER
Edition number 2nd ed.
Classification number Circ.616.07 P222p 1999
100 ## - MAIN ENTRY--PERSONAL NAME
Personal name Catherine Paradiso
245 ## - TITLE STATEMENT
Title Pathophysiology/
Statement of responsibility, etc. Catherine Paradiso
260 ## - PUBLICATION, DISTRIBUTION, ETC.
Place of publication, distribution, etc. Philadelphia :
Name of publisher, distributor, etc. Lippincott's Williams and Wilkins,
Date of publication, distribution, etc. c 1999.
300 ## - PHYSICAL DESCRIPTION
Extent xx, 496 p. ;
Dimensions 22 cm.
504 ## - BIBLIOGRAPHY, ETC. NOTE
Bibliography, etc. note Includes index.
942 ## - ADDED ENTRY ELEMENTS (KOHA)
Source of classification or shelving scheme Dewey Decimal Classification
Koha item type Book Circulation
Call number prefix Circ.
Suppress in OPAC No
952 ## - LOCATION AND ITEM INFORMATION (KOHA)
--
952 ## - LOCATION AND ITEM INFORMATION (KOHA)
--
952 ## - LOCATION AND ITEM INFORMATION (KOHA)
--
Holdings
Withdrawn status Lost status Source of classification or shelving scheme Damaged status Not for loan Home library Current library Shelving location Date acquired Source of acquisition Cost, normal purchase price Total Checkouts Full call number Barcode Date last seen Copy number Price effective from Koha item type Uniform Resource Identifier
    Dewey Decimal Classification     College Library HM & Nursing Library Circulation 08/17/2004 School Fund 295.00   Circ. 616.07 P222p 1999 HMN40963 08/30/2025 c3 08/30/2025 BK-CIRC
    Dewey Decimal Classification     College Library HM & Nursing Library Circulation 08/17/2004 School Fund 295.00   Circ. 616.07 P222p 1999 HMN40962 08/30/2025 c2 08/30/2025 BK-CIRC
    Dewey Decimal Classification     College Library HM & Nursing Library Circulation 08/17/2004 School Fund 295.00   Circ. 616.07 P222p 1999 HMN40961 08/30/2025 c1 08/30/2025 BK-CIRC